Wymień wszystkie piosenki z "Life of a Dark Rose" - Statystyki

Ogólne statystyki
  • Ten quiz został rozwiązany 4 razy
  • Średni wynik to 7 z 14
Statystyki odpowiedzi
Life of a Dark Rose % Poprawnych
Lust
100%
Red Roses
100%
Nowadays
75%
Big Money
50%
Cloudy Skies
50%
Garden
50%
Lettuce Sandwich
50%
The Clique
50%
Welcome To The Rodeo
50%
Boss Up
25%
Kill4u
25%
Signs of Jealousy
25%
Strictly Business
25%
Tell My Haters
25%
Nie znaleziono quizów pasujących do podanych kryteriów
Rozkład punktacji
Procent ludzi z każdym wynikiem
Percentyl według liczby udzielonych odpowiedzi
Twoja historia wyników
Nie rozwiązałeś tego quizu